| 000 | 00746nam a2200229Ia 4500 | ||
|---|---|---|---|
| 003 | GCL | ||
| 008 | 140319s9999 xx 000 0 ara d | ||
| 040 |
_aGCL / _cGCL |
||
| 082 | 0 | 4 |
_a366.1 _bف ق |
| 100 | 1 | _aفراى، ل | |
| 245 | 1 | 0 |
_aالقوى الخفية فى السياسة العالمية من يحكم العالم / _cفراى، ل |
| 700 | 1 | _aفاهى، دنيس (مراجع) | |
| 700 | 1 | _aجهاد قدرى قلعجى | |
| 260 |
_a[S.N] : _bدار الشواف للنشر والتوزيع ، _c1992 |
||
| 300 | _a278 ص | ||
| 490 | _a | ||
| 650 | 0 | 4 | _aالسياسة الدولية |
| 650 | 0 | 4 | _aاسرائيل |
| 650 | 0 | 4 | _aالصهيونية |
| 650 | 0 | 4 | _aبروتوكولات حكماء صهيون |
| 942 |
_2ddc _cBK |
||
| 999 |
_c31320 _d31320 |
||